Biggest Cities in Slovenia on a Map - Statistics

General Stats
  • This quiz has been taken 2,041 times
    1,983 since last reset
  • The average score is 8 of 12
Answers on the Map
Answers color-coded by a green-red scale on the quiz's map according to % correct below.
 
Answer Stats
Population City % Correct
286,745 Ljubljana
100%
96,211 Maribor
94%
25,753 Koper
82%
37,872 Celje
78%
37,941 Kranj
73%
24,183 Novo Mesto
66%
17,959 Ptuj
62%
13,338 Jesenice
54%
25,594 Velenje
53%
13,204 Domžale
49%
13,880 Kamnik
45%
13,822 Trbovlje
34%
No matching quizzes found
Score Distribution
Percent of People with Each Score
Percentile by Number Answered
Your Score History
You have not taken this quiz since the last reset